Statistics for Top 50 Least Corrupt Countries

Click here to take the quiz!

General Stats

  • This quiz has been taken 154 times
  • The average score is 35 of 50

Answer Stats

ScoreCountry% Correct
86Norway
96%
88Finland
95%
85Sweden
95%
74United Kingdom
94%
67United States
94%
78Canada
93%
88Denmark
93%
80Germany
93%
74Iceland
93%
61Spain
93%
84Switzerland
92%
77Ireland
91%
78Austria
90%
72Belgium
89%
71France
88%
62Portugal
88%
73Australia
87%
56Italy
87%
72Japan
87%
82Luxembourg
87%
82Netherlands
87%
56Poland
86%
88New Zealand
85%
62South Korea
83%
76Estonia
82%
57Slovenia
81%
54Czech Republic
78%
59Latvia
77%
61Lithuania
75%
54Malta
71%
85Singapore
70%
59Israel
69%
68Chile
62%
68Taiwan
61%
69United Arab Emirates
61%
63Qatar
59%
73Uruguay
54%
64Bahamas
46%
65Barbados
40%
58Costa Rica
40%
55Fiji
34%
55Dominica
32%
70Seychelles
32%
54Mauritius
30%
59Saint Vincent and the Grenadines
30%
56Saint Lucia
29%
55Botswana
23%
55Georgia
23%
68Bhutan
22%
58Cape Verde
17%

Score Distribution

Percentile by Number Answered

Percent of People with Each Score

Your Score History

You have not taken this quiz